[Event "Master Open"]
[Site "Voronezh"]
[Date "2018.06.14"]
[Round "3.11"]
[White "Drygalov, Andrey"]
[Black "Kryakvin, Dmitry"]
[Result "1-0"]
[WhiteElo "2435"]
[BlackElo "2592"]
[Annotator ""]
[Source ""]
[Remark ""]

1.d4 Nf6 2.c4 c5 3.d5 g6 4.Nc3 Bg7 5.e4 O-O 6.Nf3 e6 7.Bd3 d6
8.h3 Na6 9.O-O Nc7 10.Bg5 h6 11.Bh4 e5 12.Nd2 Bd7 13.Be2 Qe8
14.a4 Na6 15.Nb5 Qe7 16.a5 Nb4 17.Na3 Qe8 18.Nc2 Na6 19.b4 cxb4
20.Qb1 Nc5 21.Nxb4 Rc8 22.Ra3 Rc7 23.Bg3 Bc8 24.Re1 h5 25.Bf3
Bh6 26.Nf1 Nh7 27.Bd1 f5 28.exf5 gxf5 29.Nd3 f4 30.Nxc5 Rxc5
31.Bh4 Bf5 32.Qxb7 Qg6 33.Ng3 Bc8 34.Qe7 Qb1 35.Rb3 Qa1 36.Qxd6
Qxa5 37.Rf1 fxg3 38.Qxh6 gxf2+ 39.Bxf2 Rc7 40.Rg3+ Kh8 41.Qxh5
Bf5 42.Be3 Rcf7 43.Bg4 Qb4 44.Rxf5 Qb1+ 45.Kh2 Rxf5 46.Bxf5 Qxf5
47.Qxf5 Rxf5 48.Bxa7 Nf6 49.Rf3 1-0

[Event "Master Open"]
[Site "Voronezh"]
[Date "2018.06.14"]
[Round "3.12"]
[White "Pridorozhni, Aleksei"]
[Black "Shinkevich, Vitaly"]
[Result "1-0"]
[WhiteElo "2589"]
[BlackElo "2429"]
[Annotator ""]
[Source ""]
[Remark ""]

1.e4 e5 2.Nf3 Nc6 3.d4 exd4 4.Nxd4 Nge7 5.Bg5 h6 6.Nxc6 bxc6
7.Bh4 g5 8.Qd4 Rg8 9.Bg3 Bg7 10.Qb4 d6 11.Nd2 Be6 12.c3 Qb8 13.Qa3
Ng6 14.Nc4 Nf4 15.Qa4 Ke7 16.Bxf4 gxf4 17.Qxc6 Bf6 18.g3 Rg5
19.e5 Rxe5+ 20.Nxe5 Qxb2 21.Rd1 Bxe5 22.Bg2 Qxc3+ 23.Qxc3 Bxc3+
24.Ke2 Rb8 25.Bd5 Rb2+ 26.Kf3 c5 27.gxf4 Bd4 28.Rhe1 Kf6 29.Bxe6
fxe6 30.Re2 Rb6 31.h4 d5 32.h5 Ra6 33.Rb1 c4 34.Rb8 Bc5 35.Rh8
Kg7 36.Rc8 Be7 37.f5 Kf6 38.Rxe6+ Rxe6 39.fxe6 Kxe6 40.Ke3 Bf6
41.Rc6+ Kf5 42.Rc5 Ke5 43.f4+ Kd6 44.Ra5 Bd8 45.Rb5 Bb6+ 46.Kf3
Kc6 47.a4 Bc7 48.f5 Be5 49.Ke2 Bc3 50.Kd1 Kd6 51.Rb7 Bd4 52.a5
Ke5 53.Rh7 Kxf5 54.Rxh6 Bf6 55.Rh7 d4 56.Rc7 c3 57.Kc2 Ke4 58.Rd7
Bg5 59.Rxa7 Kd5 1-0

[Event "Master Open"]
[Site "Voronezh"]
[Date "2018.06.14"]
[Round "3.13"]
[White "Gukesh, D"]
[Black "Stukopin, Andrey"]
[Result "1/2-1/2"]
[WhiteElo "2431"]
[BlackElo "2589"]
[Annotator ""]
[Source ""]
[Remark ""]

1.Nf3 c5 2.g3 g6 3.c3 Bg7 4.d4 cxd4 5.cxd4 Nf6 6.Bg2 O-O 7.O-O
d5 8.Nc3 Nc6 9.Ne5 e6 10.Bf4 Nxe5 11.Bxe5 Bd7 12.e3 Qb6 13.Na4
Bxa4 14.Qxa4 Rfc8 15.Rfb1 Rc4 16.b4 Rac8 17.Bf1 Rc3 18.Bxf6 Bxf6
19.Qa5 Qxa5 20.bxa5 R8c7 21.a6 bxa6 22.Bxa6 Ra3 23.Rb8+ Kg7 24.Rb7
Bd8 25.Rxc7 Bxc7 26.Be2 Bd6 27.Kf1 a5 28.Bd1 Bb4 29.Bb3 a4 30.Bd1
Ba5 31.h3 Bd2 32.g4 h6 33.Kg2 f5 34.gxf5 gxf5 35.Bc2 Kf6 36.Kf1
f4 37.exf4 Bxf4 38.Ke2 Bc7 39.f3 Bb6 40.Rb1 Rxa2 41.Kd3 Ra3+
42.Ke2 Ba5 43.Rb5 Bc3 44.Rb6 Bxd4 45.Rb4 Bc5 46.Rf4+ Ke5 47.Rxa4
Re3+ 48.Kd1 Rxf3 49.Rh4 Be3 50.Ke2 Bg5 51.Kxf3 Bxh4 52.Ke3 Be7
53.Kd3 Bc5 54.Bd1 Kf4 55.Bb3 Bf2 56.Ba4 Bb6 57.Bc6 Bc5 58.h4
Bb6 59.Bb7 h5 60.Bc6 Bc5 61.Be8 e5 62.Bxh5 e4+ 63.Kd2 d4 64.Bg6
Bb4+ 65.Kd1 d3 66.h5 Ke3 67.h6 Bf8 68.h7 Bg7 69.Bf5 Kd4 70.Bg6
e3 71.Bh5 Bf6 72.Ke1 Ke5 73.Bg6 Kd4 74.Bh5 Kc4 75.Kd1 Kd5 1/2-1/2

[Event "Master Open"]
[Site "Voronezh"]
[Date "2018.06.14"]
[Round "3.14"]
[White "Timofeev, Artyom"]
[Black "Drygalov, Sergey"]
[Result "1-0"]
[WhiteElo "2583"]
[BlackElo "2428"]
[Annotator ""]
[Source ""]
[Remark ""]

1.Nf3 d5 2.d4 Nf6 3.c4 c6 4.Nc3 e6 5.e3 Nbd7 6.Bd3 dxc4 7.Bxc4
b5 8.Bd3 Bb7 9.O-O a6 10.e4 c5 11.d5 c4 12.Bc2 Qc7 13.dxe6 fxe6
14.Ne2 Bd6 15.Ned4 Nc5 16.a4 b4 17.Qe2 e5 18.Nf5 Ncxe4 19.Nxd6+
Qxd6 20.Qxc4 Rc8 21.Qe2 O-O 22.Be3 Kh8 23.Rac1 Nc5 24.Rfd1 Qe7
25.Bf5 Ncd7 26.Rxc8 Rxc8 27.Bg5 Rc7 28.h3 h6 29.Bxf6 Nxf6 30.Nxe5
Kg8 31.Bg6 Rc5 32.f4 Rc8 33.Kh2 Qc7 34.Rd4 Rf8 35.Bd3 Qc5 36.Bc4+
Bd5 37.Rxd5 Nxd5 38.Ng6 Kf7 39.Qe4 Rd8 40.Qf5+ Ke8 41.Qe6+ Ne7
42.Qf7+ Kd7 43.Be6+ Kc7 44.Nxe7 Kb6 45.Nd5+ Ka5 46.b3 Qd6 47.Ne3 1-0

[Event "Master Open"]
[Site "Voronezh"]
[Date "2018.06.15"]
[Round "4.15"]
[White "Savchenko, Boris"]
[Black "Bryakin, Mikhail"]
[Result "1/2-1/2"]
[WhiteElo "2565"]
[BlackElo "2407"]
[Annotator ""]
[Source ""]
[Remark ""]

1.e4 c6 2.d4 d5 3.Nc3 dxe4 4.Nxe4 Bf5 5.Ng3 Bg6 6.h4 h6 7.Nf3
Nd7 8.h5 Bh7 9.Bd3 Bxd3 10.Qxd3 e6 11.Bd2 Ngf6 12.O-O-O Be7 13.Kb1
O-O 14.Nf1 c5 15.g4 Nh7 16.Qe2 cxd4 17.Nxd4 Qb6 18.Be3 Bc5 19.Nd2
Ndf6 20.N2b3 Nd5 21.Bc1 a5 22.Rh3 Be7 23.c4 Nb4 24.a3 Na6 25.Be3
Nc5 26.Nb5 Rfd8 27.Bd4 Qc6 28.Bxc5 Rxd1+ 29.Qxd1 Bxc5 30.Nxa5
Qe4+ 31.Ka2 Ng5 32.Rc3 b6 33.f3 Nxf3 34.Nb3 Ne5 35.Nxc5 bxc5
36.Qd6 Qe2 37.Kb3 Rc8 38.a4 Nc6 39.Qd7 Na5+ 40.Ka2 Ra8 41.Na3
Rb8 42.Rc2 Qf3 43.Qd6 Nc6 44.Rc3 Nb4+ 45.Kb3 Qa8 46.Nb5 Rc8 47.Qf4
Qa5 48.Rf3 Ra8 49.Nc3 f6 50.Qe4 Rb8 51.Qxe6+ Kh8 52.Nb5 Ra8 53.Nc3
Rb8 54.Nb5 Ra8 55.Nc3 Rb8 56.Nb5 Ra8 57.Nc3 Rb8 58.Qd6 Nc6+ 59.Ka2
Qb4 60.Rf2 Na5 61.Re2 Nxc4 62.Qd7 Qb3+ 63.Kb1 Ne5 64.Qd6 c4 65.a5
Nd3 66.a6 Nxb2 67.Qxb8+ Qxb8 68.Rxb2 Qa7 69.Ra2 Qb6+ 70.Kc2 Qf2+
71.Kb1 Qe1+ 72.Kc2 Qf2+ 73.Kb1 Qe1+ 74.Kc2 Qf2+ 1/2-1/2

[Event "Master Open"]
[Site "Voronezh"]
[Date "2018.06.15"]
[Round "4.16"]
[White "Belous, Vladimir"]
[Black "Faizrakhmanov, Ramil"]
[Result "1/2-1/2"]
[WhiteElo "2555"]
[BlackElo "2388"]
[Annotator ""]
[Source ""]
[Remark ""]

1.c4 Nf6 2.Nc3 e5 3.Nf3 Nc6 4.e3 Bb4 5.Qc2 Bxc3 6.Qxc3 d6 7.b3
O-O 8.Bb2 Re8 9.a3 a5 10.h3 b6 11.Be2 Bb7 12.O-O Ne7 13.d4 Ng6
14.d5 c6 15.dxc6 Bxc6 16.Rfd1 Qe7 17.Ne1 Rac8 18.Rac1 Ne4 19.Qc2
Nc5 20.Bf3 a4 21.Bxc6 axb3 22.Qd2 Rxc6 23.Nd3 Qg5 24.Qe2 Nh4
25.g3 Nxd3 26.Rxd3 e4 27.Rd5 Qg6 28.Qd1 Nf3+ 29.Kg2 h5 30.Qxb3
h4 31.g4 Ne5 32.Bxe5 dxe5 33.Rcd1 Qf6 34.R1d2 Rec8 35.Qd1 Rxc4
36.Rd6 Rc1 37.Qe2 Qe7 38.Qb5 Rf8 39.Qd5 Qa7 40.Qxe4 Qxa3 41.Qxe5
Qc5 42.Qxc5 bxc5 43.Rc6 c4 44.Rd4 g5 45.Rcxc4 Rxc4 46.Rxc4 Ra8
47.f4 Ra2+ 48.Kf3 Rh2 49.fxg5 Rxh3+ 50.Kf4 Kg7 51.Rc6 Rh1 52.Rh6
h3 53.Kg3 Rg1+ 54.Kf3 Rf1+ 55.Ke4 Rh1 56.Kf3 1/2-1/2

[Event "Master Open"]
[Site "Voronezh"]
[Date "2018.06.15"]
[Round "4.17"]
[White "Tsoi, Dmitry"]
[Black "Maiorov, Nikita"]
[Result "1/2-1/2"]
[WhiteElo "2382"]
[BlackElo "2533"]
[Annotator ""]
[Source ""]
[Remark ""]

1.Nf3 Nf6 2.g3 d5 3.Bg2 c6 4.O-O Bg4 5.d3 e6 6.Nbd2 Be7 7.e4
O-O 8.h3 Bh5 9.g4 Bg6 10.Nh4 dxe4 11.Nxg6 hxg6 12.Nxe4 Nbd7 13.f4
Qb6+ 14.Kh1 Nxe4 15.Bxe4 Nf6 16.Qe2 Nxe4 17.dxe4 Bc5 18.c3 a5
19.f5 Qb5 20.Qxb5 cxb5 21.fxg6 fxg6 22.Bg5 Rxf1+ 23.Rxf1 Rf8
24.Kg2 Rxf1 25.Kxf1 Kf7 26.Bd8 a4 27.Ke2 Bd6 28.Kd3 Ke8 29.Bg5
Kd7 30.Kd4 Kc6 31.e5 Bc5+ 32.Ke4 Kd7 33.h4 Bf8 34.h5 gxh5 35.gxh5
Bc5 36.Be3 Be7 37.Bb6 b4 38.c4 Kc6 39.Be3 b5 40.Kd3 Bh4 41.Bd2 1/2-1/2

[Event "Master Open"]
[Site "Voronezh"]
[Date "2018.06.15"]
[Round "4.18"]
[White "Matinian, Nikita"]
[Black "Provotorov, Ivan"]
[Result "1-0"]
[WhiteElo "2496"]
[BlackElo "2378"]
[Annotator ""]
[Source ""]
[Remark ""]

1.e4 e6 2.d4 d5 3.Nc3 Nf6 4.e5 Nfd7 5.f4 c5 6.Nf3 Nc6 7.Be3 Be7
8.Qd2 a6 9.dxc5 Nxc5 10.O-O-O b5 11.f5 b4 12.f6 gxf6 13.exf6
Bf8 14.Bxc5 Bxc5 15.Na4 Bf8 16.h4 Bd7 17.Qe3 Qa5 18.b3 Nd8 19.Qb6
Qxb6 20.Nxb6 Ra7 21.Ne5 Bb5 22.Bxb5+ axb5 23.Rhe1 Rg8 24.Nxd5
Rxg2 25.Ne3 Bh6 26.Kb1 Bxe3 27.Rxe3 Ra8 28.Red3 Re2 29.Rg1 1-0

[Event "Master Open"]
[Site "Voronezh"]
[Date "2018.06.15"]
[Round "4.19"]
[White "Gubajdullin, Alexei"]
[Black "Khegay, Dmitriy"]
[Result "1-0"]
[WhiteElo "2375"]
[BlackElo "2495"]
[Annotator ""]
[Source ""]
[Remark ""]

1.d4 Nf6 2.Bf4 c5 3.e3 Qb6 4.Nc3 a6 5.a3 cxd4 6.exd4 d5 7.Bd3
Bg4 8.Nge2 e6 9.f3 Bh5 10.Qd2 Bd6 11.O-O-O Nbd7 12.h4 Bg6 13.g4
Bxd3 14.Qxd3 Bxf4+ 15.Nxf4 Qd6 16.Nce2 Nb6 17.g5 Nfd7 18.h5 O-O-O
19.g6 fxg6 20.hxg6 h6 21.Qc3+ Kb8 22.Qb4 Qc6 23.Rd3 e5 24.dxe5
Nxe5 25.Re3 Nbc4 26.Rb3 d4 27.Ne6 Nxf3 28.Nxd8 Rxd8 29.Rd1 Ne3
30.Rxe3 dxe3 31.Rxd8+ Ka7 32.Qf4 1-0

[Event "Master Open"]
[Site "Voronezh"]
[Date "2018.06.15"]
[Round "4.20"]
[White "Golubov, Saveliy"]
[Black "Bykov, Oleg"]
[Result "1-0"]
[WhiteElo "2493"]
[BlackElo "2375"]
[Annotator ""]
[Source ""]
[Remark ""]

1.e4 c5 2.Nc3 Nc6 3.Nf3 g6 4.d4 cxd4 5.Nxd4 Bg7 6.Nb3 Nf6 7.Be2
d6 8.O-O O-O 9.Re1 a6 10.Bf1 b5 11.a4 b4 12.Nd5 Nd7 13.a5 Bb7
14.Ne3 Nc5 15.Nc4 Ne5 16.Nb6 Rb8 17.Nxc5 dxc5 18.f4 Nc6 19.e5
Qxd1 20.Rxd1 Nd4 21.Bd3 Rfd8 22.Be3 g5 23.fxg5 Bxe5 24.Nc4 Bc7
25.Rab1 Bc6 26.Kf2 Bb5 27.c3 Nb3 28.Be2 Nxa5 29.Rxd8+ Bxd8 30.Nxa5
Bxa5 31.c4 Bd7 32.Bxc5 Bf5 33.Ra1 Bc7 34.Bxe7 a5 35.c5 Bc2 36.Bd1
Bxd1 37.Rxd1 a4 38.Ra1 Ra8 39.c6 Ra6 40.Bxb4 Rxc6 41.Rxa4 Rc2+
42.Kf3 h6 43.Bc3 hxg5 44.g3 Bb6 45.Kg4 Be3 46.Ra8+ Kh7 47.h4
gxh4 48.gxh4 f6 49.Bxf6 Rc4+ 50.Kf5 Rf4+ 51.Ke6 Kg6 52.Rg8+ Kh5
53.Rg5+ 1-0

[Event "Master Open"]
[Site "Voronezh"]
[Date "2018.06.15"]
[Round "4.21"]
[White "Khanin, Semen"]
[Black "Yeritsyan, Aram"]
[Result "1-0"]
[WhiteElo "2485"]
[BlackElo "2370"]
[Annotator ""]
[Source ""]
[Remark ""]

1.e4 e5 2.Nf3 Nc6 3.Bb5 a6 4.Ba4 Nf6 5.O-O Be7 6.d3 b5 7.Bb3
Bb7 8.Nc3 d6 9.a3 O-O 10.Re1 Qd7 11.h3 Nd8 12.d4 exd4 13.Nxd4
c5 14.Nf5 c4 15.Ba2 Re8 16.Qf3 Ne6 17.Be3 Qc6 18.Rad1 Nc5 19.Nd5
Nxd5 20.exd5 Qc7 21.Rd4 Bf6 22.Rg4 Bc8 23.Nxg7 Bxg4 24.Qxf6 Re5
25.hxg4 Qe7 26.Qxe7 Rxe7 27.Nf5 Re5 28.f4 Re4 29.Nxd6 Re7 30.Nf5
Re4 31.Kf2 Na4 32.Bd4 Rxe1 33.Kxe1 Re8+ 34.Kd2 Re4 35.d6 1-0

[Event "Master Open"]
[Site "Voronezh"]
[Date "2018.06.15"]
[Round "4.22"]
[White "Ulko, Jaroslav"]
[Black "Demianjuk, Alexander"]
[Result "1-0"]
[WhiteElo "2442"]
[BlackElo "2346"]
[Annotator ""]
[Source ""]
[Remark ""]

1.d4 Nf6 2.Nf3 e6 3.e3 b6 4.Bd3 Bb7 5.O-O d5 6.c4 Nbd7 7.cxd5
exd5 8.b3 Bd6 9.Ba3 Ne4 10.Qc2 O-O 11.Bxd6 cxd6 12.a4 Rc8 13.Qb2
f5 14.Nbd2 f4 15.exf4 Rxf4 16.Rac1 Rxc1 17.Rxc1 Rf7 18.Qc2 Ndf6
19.h3 g5 20.Bxe4 dxe4 21.Nxg5 Re7 22.h4 h6 23.Nh3 e3 24.fxe3
Rg7 25.Nf4 Nh5 26.Qc4+ Kh8 27.d5 Qxh4 28.Ng6+ 1-0

[Event "Master Open"]
[Site "Voronezh"]
[Date "2018.06.15"]
[Round "4.23"]
[White "Apryshko, Gleb"]
[Black "Dzhumaev, Marat"]
[Result "0-1"]
[WhiteElo "2366"]
[BlackElo "2434"]
[Annotator ""]
[Source ""]
[Remark ""]

1.d4 d5 2.c4 e6 3.Nf3 Nf6 4.g3 Bb4+ 5.Nbd2 O-O 6.Qc2 c5 7.a3
Bxd2+ 8.Bxd2 cxd4 9.Nxd4 e5 10.Nf3 Nc6 11.cxd5 Qxd5 12.Bc3 Nd4
13.Bxd4 exd4 14.Qd2 Re8 15.Bg2 d3 16.e3 Bg4 17.Nh4 Ne4 18.h3
Be2 19.Qb4 g5 20.Nf3 Qf5 21.g4 Qf6 22.Qd4 Bxf3 23.Qxf6 d2+ 0-1

[Event "Master Open"]
[Site "Voronezh"]
[Date "2018.06.15"]
[Round "4.24"]
[White "Domogaev, Sergey"]
[Black "Ioffe, Ilya"]
[Result "0-1"]
[WhiteElo "2433"]
[BlackElo "2240"]
[Annotator ""]
[Source ""]
[Remark ""]

1.Nf3 d5 2.g3 Nf6 3.Bg2 Bf5 4.O-O e6 5.d3 h6 6.c4 c6 7.b3 Bc5
8.Bb2 O-O 9.Nbd2 Nbd7 10.Nd4 Bg6 11.Nc2 e5 12.cxd5 Nxd5 13.Nc4
Re8 14.e4 N5f6 15.b4 Bf8 16.f4 exf4 17.gxf4 Nb6 18.Nxb6 axb6
19.Qf3 Bh5 20.Qg3 Be2 21.Rf2 Qxd3 22.Bxf6 Qxc2 23.Bf3 Ra3 24.Be5
Rxf3 25.Rxf3 Bxf3 26.Qxf3 f6 0-1

[Event "Master Open"]
[Site "Voronezh"]
[Date "2018.06.15"]
[Round "4.25"]
[White "Makarian, Rudik"]
[Black "Gukesh, D"]
[Result "1-0"]
[WhiteElo "2343"]
[BlackElo "2431"]
[Annotator ""]
[Source ""]
[Remark ""]

1.d4 d5 2.c4 c6 3.Nf3 Nf6 4.Nc3 e6 5.g3 dxc4 6.Bg2 b5 7.Ne5 a6
8.O-O Bb7 9.b3 b4 10.Ne4 Nxe4 11.Bxe4 c3 12.a3 a5 13.axb4 axb4
14.Rxa8 Bxa8 15.Qd3 Bd6 16.Bf4 g5 17.Be3 Bxe5 18.dxe5 Qxd3 19.Bxd3
Nd7 20.Ra1 O-O 21.Be4 Rb8 22.Ra7 Nxe5 23.Bc5 Ng4 24.Bc2 f5 25.Bd6
Rd8 26.Bxb4 Nh6 27.Bxc3 Nf7 28.b4 c5 29.bxc5 Bd5 30.Rc7 g4 31.Kf1
h5 32.Ke1 Ra8 33.Bd3 Ra3 34.Kd2 Ra2+ 35.Kc1 Ra3 36.Bb2 Ra5 37.Bf6
Ra2 38.Kb1 Ra5 39.Kb2 Ra2+ 40.Kc3 Ra1 41.Kb4 Ra8 42.Bc4 Bxc4
43.Kxc4 Ra2 44.Kd3 Ra3+ 45.Kc2 e5 46.Kb2 Ra6 47.Be7 e4 48.Rc8+
Kg7 49.Kb3 e3 50.fxe3 Re6 51.Bf8+ Kf6 52.Kc2 Rxe3 53.Rc6+ Re6
54.Rxe6+ Kxe6 55.c6 Ne5 56.c7 Kd7 57.Bd6 Ng6 58.e3 h4 59.Kd3
h3 60.Kd4 Nh8 61.e4 Nf7 62.Bf4 fxe4 63.Kxe4 Kc8 64.Kf5 Kd7 65.Kxg4
Nh8 66.Kxh3 1-0

[Event "Master Open"]
[Site "Voronezh"]
[Date "2018.06.15"]
[Round "4.26"]
[White "German, Nikita"]
[Black "Kryakvin, Dmitry"]
[Result "0-1"]
[WhiteElo "2182"]
[BlackElo "2592"]
[Annotator ""]
[Source ""]
[Remark ""]

1.e4 c5 2.Nf3 d6 3.d4 cxd4 4.Nxd4 Nf6 5.Nc3 Nc6 6.Bg5 e6 7.Qd2
a6 8.O-O-O Bd7 9.f4 Be7 10.Be2 Nxd4 11.Qxd4 Bc6 12.Bf3 Rc8 13.Kb1
O-O 14.g4 Qc7 15.Rhg1 Rfd8 16.Qe3 b5 17.Ne2 Bb7 18.c3 a5 19.Bxf6
Bxf6 20.g5 Be7 21.f5 Qc5 22.Nd4 e5 23.Nc2 d5 24.exd5 Bxd5 25.Bxd5
Rxd5 26.Rde1 Qxe3 27.Nxe3 Rd2 28.Nf1 Rf2 29.Rxe5 Bxg5 30.Rxb5
Re8 31.Ng3 Rxh2 32.Rxa5 h5 33.f6 gxf6 34.Ra4 Kh7 35.Re4 Re6 36.Rc4
Kg6 37.a4 h4 38.Ne4 Re2 39.Nc5 Re1+ 40.Rxe1 Rxe1+ 41.Ka2 h3 42.Nd3
Rf1 0-1

[Event "Master Open"]
[Site "Voronezh"]
[Date "2018.06.15"]
[Round "4.27"]
[White "Sergienko, Sergey"]
[Black "Ponkratov, Pavel"]
[Result "1/2-1/2"]
[WhiteElo "2315"]
[BlackElo "2622"]
[Annotator ""]
[Source ""]
[Remark ""]

1.Nf3 c5 2.e4 d6 3.Bb5+ Nc6 4.O-O Bd7 5.Re1 a6 6.Bf1 Nf6 7.c3
Bg4 8.h3 Bxf3 9.Qxf3 g6 10.Na3 Bg7 11.Nc2 O-O 12.d3 b5 13.Be3
Rb8 14.d4 cxd4 15.cxd4 Qa5 16.Bd3 Nd7 17.e5 Rbc8 18.exd6 exd6
19.h4 Rfe8 20.Re2 Qd8 21.h5 Qh4 22.hxg6 hxg6 23.Rae1 Nf6 24.Qf4
Qh5 25.Qxd6 Red8 26.Qh2 Qd5 27.Qh4 Qh5 28.Qxh5 Nxh5 29.Be4 Nxd4
30.Nxd4 Bxd4 31.Bb7 Rc7 32.Bxa6 Bxe3 33.Rxe3 Rd5 34.Re5 Rd2 35.Bxb5
Rxb2 36.a4 Nf4 37.R5e4 g5 38.Rc4 Ra7 39.Re5 f6 40.Re8+ Kf7 41.Rec8
Kg6 42.Rc2 Rb1+ 43.Rc1 Rb4 44.g3 Ne6 45.R1c6 Nd4 46.Bd3+ Kf7
47.R8c7+ Rxc7 48.Rxc7+ Ke6 49.a5 Ra4 50.Rc4 Ra1+ 51.Kg2 Kd5 52.a6
Nc6 53.Rc3 1/2-1/2

[Event "Master Open"]
[Site "Voronezh"]
[Date "2018.06.15"]
[Round "4.28"]
[White "Sattarov, Bobir"]
[Black "Moskalenko, Alexander"]
[Result "0-1"]
[WhiteElo "2351"]
[BlackElo "2558"]
[Annotator ""]
[Source ""]
[Remark ""]

1.d4 d5 2.Nf3 Nf6 3.c4 c6 4.Nc3 dxc4 5.e3 b5 6.a4 b4 7.Na2 a5
8.Bxc4 e6 9.O-O Nbd7 10.b3 Be7 11.Bb2 O-O 12.Nc1 Bb7 13.Nd3 c5
14.Rc1 Rc8 15.Qe2 Nd5 16.Rfd1 cxd4 17.Nxd4 Qb6 18.Bb5 N5f6 19.f3
Rfd8 20.Qf2 Bd6 21.e4 Ne5 22.Rxc8 Bxc8 23.Nxe6 Qxf2+ 24.Nxf2
Bxe6 25.Bxe5 Be7 26.Bc7 Rc8 27.Bxa5 Bxb3 28.Rb1 Bc2 29.Rxb4 Bxb4
30.Bxb4 Ra8 31.a5 Ne8 32.Nd3 Rb8 33.Bxe8 Bxd3 0-1

[Event "Master Open"]
[Site "Voronezh"]
[Date "2018.06.15"]
[Round "4.29"]
[White "Korneev, Oleg"]
[Black "Nesterov, Arseniy"]
[Result "1/2-1/2"]
[WhiteElo "2517"]
[BlackElo "2317"]
[Annotator ""]
[Source ""]
[Remark ""]

1.e4 e6 2.d4 d5 3.Nd2 c5 4.Ngf3 cxd4 5.Nxd4 Nf6 6.exd5 Qxd5 7.Nb5
Na6 8.Nc3 Qd8 9.a3 Be7 10.Qf3 Nc5 11.Bb5+ Bd7 12.Bxd7+ Qxd7 13.b4
Na6 14.O-O O-O 15.Rd1 Qc6 16.Qxc6 bxc6 17.Nce4 Nc7 18.Bb2 a5
19.Nxf6+ gxf6 20.c3 c5 21.bxc5 Na6 22.c6 Rfc8 23.c4 Rxc6 24.Ne4
f5 25.Nf6+ Bxf6 26.Bxf6 Rxc4 27.Rac1 Rac8 28.Rxc4 Rxc4 29.f4
h6 30.Be5 Kh7 31.Rd7 Kg6 32.Ra7 Nc5 33.Rxa5 Ne4 34.h4 f6 35.Bd6
Rc1+ 36.Kh2 Nf2 37.g3 Ng4+ 38.Kg2 Rc2+ 39.Kg1 Rc1+ 40.Kg2 Rc2+
41.Kg1 Rc1+ 1/2-1/2

[Event "Master Open"]
[Site "Voronezh"]
[Date "2018.06.15"]
[Round "4.30"]
[White "Murzin, Volodar"]
[Black "Mammadzada, Gunay"]
[Result "1-0"]
[WhiteElo "2268"]
[BlackElo "2442"]
[Annotator ""]
[Source ""]
[Remark ""]

1.e4 c5 2.Nf3 d6 3.Bb5+ Nd7 4.O-O a6 5.Bd3 Ngf6 6.c3 b5 7.Bc2
Bb7 8.Qe2 e5 9.d4 Be7 10.d5 O-O 11.h3 Re8 12.Be3 Nb6 13.Nbd2
g6 14.b3 Bc8 15.a4 Bd7 16.axb5 axb5 17.Bd3 Rb8 18.Ra7 Nh5 19.Bxb5
Bxb5 20.Qxb5 Nxd5 21.Qc4 Nxe3 22.fxe3 Rf8 23.Rd1 Ra8 24.Rda1
Rxa7 25.Rxa7 Nf6 26.Qb5 d5 27.Nxe5 Bd6 28.Nc6 Qe8 29.e5 Nh5 30.Nf1
Bxe5 31.Re7 Qa8 32.Rxe5 Qa1 33.Rxh5 gxh5 34.Qxc5 Kg7 35.Ne7 1-0

[Event "Master Open"]
[Site "Voronezh"]
[Date "2018.06.15"]
[Round "4.31"]
[White "Shinkevich, Vitaly"]
[Black "Konnov, Oleg"]
[Result "1-0"]
[WhiteElo "2429"]
[BlackElo "2311"]
[Annotator ""]
[Source ""]
[Remark ""]

1.d4 d5 2.c4 dxc4 3.Nf3 Nf6 4.Nc3 e6 5.e4 Bb4 6.Bxc4 Nxe4 7.O-O
Nxc3 8.bxc3 Be7 9.Ne5 O-O 10.Qg4 Nd7 11.Bh6 Bf6 12.f4 Kh8 13.Bg5
Nxe5 14.dxe5 Bxg5 15.fxg5 g6 16.Rf6 Qe7 17.Raf1 Bd7 18.Qf4 Kg8
19.h4 Bc6 20.h5 Rad8 21.hxg6 hxg6 22.Bxe6 fxe6 23.Rxg6+ Qg7 24.Rxg7+
Kxg7 25.Qb4 Rxf1+ 26.Kxf1 Re8 27.Kg1 a6 28.a3 Bd5 29.Qc5 b5 30.Qxc7+
Kg6 31.Qa7 Rf8 32.Qxa6 Kxg5 33.Qxb5 Rf4 34.a4 Rg4 35.Kf2 Rxg2+
36.Ke3 Rg4 37.a5 Kf5 38.a6 Rg1 39.c4 Be4 40.a7 Rg3+ 41.Kd4 Rd3+
42.Kc5 Ra3 43.Qb8 Ra2 44.Kd6 Ra6+ 45.Ke7 Bf3 46.c5 Bd5 47.Kd7
Bc6+ 48.Kc7 Bd5 49.Qb6 Ra1 50.c6 Kg6 51.Kb8 1-0

[Event "Master Open"]
[Site "Voronezh"]
[Date "2018.06.15"]
[Round "4.11"]
[White "Cherniaev, Alexander"]
[Black "Kokarev, Dmitry"]
[Result "0-1"]
[WhiteElo "2417"]
[BlackElo "2603"]
[Annotator ""]
[Source ""]
[Remark ""]

1.e4 g6 2.Nc3 Bg7 3.d4 d6 4.Bc4 a6 5.a4 e6 6.Be3 b6 7.f4 Bb7
8.Be2 Nd7 9.Bf3 Ne7 10.e5 Qc8 11.Bxb7 Qxb7 12.Qf3 O-O-O 13.Qe2
Nf5 14.Nf3 c5 15.dxc5 dxe5 16.Bf2 exf4 17.cxb6 Nxb6 18.O-O g5
19.Nxg5 Rhg8 20.Nce4 Bd4 21.c3 Bxf2+ 22.Rxf2 Nd5 23.b4 Nfe3 24.Rc1
Qa7 25.Nxf7 Qxf7 26.Qxa6+ Qb7 27.Qxe6+ Kb8 28.Nc5 Qe7 29.Qxe7
Nxe7 30.Ne6 Rd1+ 31.Rxd1 Nxd1 32.Rxf4 Nxc3 33.Rh4 Nf5 34.Rxh7
Re8 35.Nf4 Re4 36.g3 Rxb4 37.Kg2 Ne4 38.Rh8+ Kb7 39.Kf3 Nf6 40.Rd8
Rxa4 41.Rd2 Kc6 42.Ng6 Nd4+ 43.Kg2 Ne4 44.Rb2 Kd5 45.Nf4+ Ke5
46.Nd3+ Kd5 47.Nf4+ Kc4 48.Ne2 Nb3 49.Nc1 Nbd2 50.Rb8 Ra3 51.Rd8
Re3 52.Rc8+ Nc5 53.Kf2 Ra3 54.Ne2 Nde4+ 55.Kg2 Kd3 56.Nf4+ Ke3
57.Nd5+ Kd4 58.Nf4 Ra2+ 59.Kf3 Rf2+ 60.Kg4 Rxh2 61.Rd8+ Kc4 62.Nd5
Rh6 63.Ne3+ Kb5 64.Nf5 Rg6+ 65.Kf3 Ng5+ 66.Ke3 Nf7 67.Rd1 Re6+
68.Kf3 Ra6 69.Kg4 Rf6 70.Rf1 Nh6+ 0-1

[Event "Master Open"]
[Site "Voronezh"]
[Date "2018.06.15"]
[Round "4.12"]
[White "Stukopin, Andrey"]
[Black "Shagbazyan, Taron"]
[Result "1-0"]
[WhiteElo "2589"]
[BlackElo "2429"]
[Annotator ""]
[Source ""]
[Remark ""]

1.Nf3 d5 2.g3 c6 3.Bg2 Bf5 4.c4 e6 5.O-O Nf6 6.d3 dxc4 7.dxc4
Qxd1 8.Rxd1 Nbd7 9.Nc3 h6 10.Bf4 g5 11.Bd6 Bxd6 12.Rxd6 Ke7 13.Rad1
Rhd8 14.b4 Nb6 15.Rxd8 Rxd8 16.Rxd8 Kxd8 17.Ne5 Ke7 18.e4 Bh7
19.c5 Nc8 20.Nc4 Kd7 21.f3 Kc7 22.Ne5 Bg8 23.Kf2 b6 24.Ke3 bxc5
25.bxc5 Nd7 26.Kd4 f6 27.Nxd7 Kxd7 28.e5 f5 29.f4 gxf4 30.gxf4
Bf7 31.Bf3 Ne7 32.Kc4 Ng6 33.Ne2 Kc7 34.Kb4 Nh4 35.Bh1 Be8 36.Kc3
Bd7 37.Kd2 Be8 38.Ke3 Kb7 39.Nd4 Bd7 40.a3 Kc7 41.Kf2 Ng6 42.Kg3
Nf8 43.Bf3 Be8 44.Bd1 Kd8 45.Bb3 Bd7 46.Ba4 Kc7 47.Bd1 Bc8 48.Bh5
Kd7 49.Kh4 Bb7 50.a4 Ke7 51.Bf3 Ng6+ 52.Kg3 Kd7 53.Bh5 Nf8 54.a5
a6 55.Kf3 Kd8 56.Ke3 Ke7 57.Nc2 Nd7 58.Kd4 Nb8 59.Be2 Bc8 60.Ke3
Bb7 61.Kf3 Bc8 62.Bc4 Kf7 63.Kg3 Kg8 64.Kh4 Kf7 65.Kh5 Kg7 1-0

[Event "Master Open"]
[Site "Voronezh"]
[Date "2018.06.15"]
[Round "4.13"]
[White "Tiviakov, Sergei"]
[Black "Looshnikov, Nikolai"]
[Result "1-0"]
[WhiteElo "2580"]
[BlackElo "2424"]
[Annotator ""]
[Source ""]
[Remark ""]

1.e4 e6 2.d4 d5 3.Nd2 c5 4.exd5 Qxd5 5.dxc5 Nf6 6.Ngf3 Qxc5 7.Bd3
Nbd7 8.O-O Be7 9.a4 O-O 10.a5 Qc7 11.Nb3 Nd5 12.c3 Rd8 13.Qe2
N7f6 14.Nbd4 Bd7 15.a6 bxa6 16.Bxa6 Bd6 17.g3 e5 18.Nb5 Bxb5
19.Bxb5 a5 20.Re1 Rab8 21.Ba4 e4 22.Nd4 Bc5 23.Nc6 h5 24.Nxb8
Rxb8 25.Kg2 Qb7 26.Bc2 e3 27.f3 h4 28.Ra4 hxg3 29.hxg3 Re8 30.Rh1
g6 31.Rxa5 Qc7 32.Rb5 Nh5 33.Rxh5 gxh5 34.Qd3 Nf6 35.Qf5 e2 36.Qg5+
Kf8 37.Rxc5 e1Q 38.Qh6+ Ke7 39.Rxc7+ Kd8 40.Qxf6+ Kxc7 41.Bf4+
Kb7 42.Qxf7+ Re7 43.Be4+ Qxe4 44.Qb3+ 1-0

[Event "Master Open"]
[Site "Voronezh"]
[Date "2018.06.15"]
[Round "4.2"]
[White "Sindarov, Javokhir"]
[Black "Potapov, Pavel"]
[Result "1/2-1/2"]
[WhiteElo "2449"]
[BlackElo "2491"]
[Annotator ""]
[Source ""]
[Remark ""]

1.d4 d5 2.c4 c6 3.Nf3 Nf6 4.cxd5 cxd5 5.Nc3 Nc6 6.Bf4 a6 7.e3
Bg4 8.Be2 e6 9.O-O Bd6 10.Bxd6 Qxd6 11.Ne1 Bxe2 12.Qxe2 O-O 13.Nd3
Nd7 14.Rac1 Rac8 15.Qd2 Rc7 16.Na4 b6 17.Rc2 Rfc8 18.Rfc1 Ne7
19.h3 Rxc2 20.Rxc2 Rxc2 21.Qxc2 Qc6 22.Qxc6 Nxc6 23.Kf1 Kf8 24.Ke2
Ke7 25.b3 Kd6 26.Kd2 f6 27.Kc3 e5 28.Nb4 a5 29.Nxc6 Kxc6 30.Kd3
e4+ 31.Ke2 Nf8 32.Nc3 b5 33.a4 b4 34.Nd1 Kd6 35.f4 f5 36.Nf2
Ke6 37.g4 g6 38.g5 Nd7 39.h4 Nb6 40.Kd2 Ke7 41.Nh1 1/2-1/2

[Event "Master Open"]
[Site "Voronezh"]
[Date "2018.06.15"]
[Round "4.3"]
[White "Maghsoodloo, Parham"]
[Black "Gabrielian, Artur"]
[Result "1/2-1/2"]
[WhiteElo "2638"]
[BlackElo "2506"]
[Annotator ""]
[Source ""]
[Remark ""]

1.Nf3 c5 2.c4 Nc6 3.Nc3 e5 4.e3 Nf6 5.d4 e4 6.d5 exf3 7.dxc6
fxg2 8.cxd7+ Bxd7 9.Bxg2 g6 10.b3 Bg7 11.Bb2 O-O 12.Bxb7 Ng4
13.Qd2 Rb8 14.Bg2 Qh4 15.Nd5 Nxf2 16.O-O Ng4 17.h3 Ne5 18.Qf2
Qxf2+ 19.Rxf2 Be6 20.Rd1 Bxd5 21.Bxd5 Rbc8 22.Ba3 Bh6 23.Re2
Rfe8 24.Kf2 Rc7 25.Bg2 a5 26.Rd5 a4 27.bxa4 Ra7 28.Bxc5 Rxa4
29.Red2 Bg5 30.Bf1 Bh4+ 31.Kg2 Nxc4 32.Bxc4 Rxc4 33.Bd4 Ra4 34.Kf3
Re6 35.Re5 Rxe5 36.Bxe5 f5 37.Rd4 Ra5 38.Bc7 Ra7 39.Bb6 Ra6 40.Bc5
g5 41.Rd5 1/2-1/2

[Event "Master Open"]
[Site "Voronezh"]
[Date "2018.06.15"]
[Round "4.4"]
[White "Popov, Ivan"]
[Black "Pavlov, Sergey"]
[Result "1-0"]
[WhiteElo "2608"]
[BlackElo "2489"]
[Annotator ""]
[Source ""]
[Remark ""]

1.e4 e5 2.Bc4 Nf6 3.d3 Nc6 4.Nf3 Be7 5.O-O O-O 6.a4 d5 7.exd5
Nxd5 8.h3 Bf5 9.Re1 Nb6 10.Nxe5 Nxe5 11.Rxe5 Bxh3 12.Bb3 Bf6
13.Re1 Bd7 14.a5 Nc8 15.Nc3 Bc6 16.a6 Nd6 17.axb7 Bxb7 18.Ra5
c6 19.Ra4 Bg5 20.Bxg5 Qxg5 21.Ne4 Nxe4 22.Raxe4 c5 23.Qg4 Qd8
24.Re5 Rc8 25.Re7 Bd5 26.Bxd5 Qxd5 27.Qxc8 1-0